Responses for Show #1393 - Wednesday, September 26, 1990

Jim Scott game 2.

Contestants

[<< previous game]

David Macy-Beckwith, a computer systems engineer from Oceanside, California

Bill Kennedy, an advertising copywriter from Los Angeles, California

Jim Scott, a college student from Charlottesville, Virginia (whose 1-day cash winnings total $17,500)

[next game >>]

Jeopardy! Round responses

THE CONSTITUTION
CELEBRITY BOOKS
FRUITS
THE 1980s
COLORFUL PHRASES
POT LUCK
    $100 1
jury

Jim
    $100 6
(Bill: What's Frank Sinatra Jr.?)

Nancy Sinatra

BillDavid
    $100 17
a pineapple

Jim
    $100 16
Paul Newman

David
    $100 7
a black ball

David
    $100 25
Old Faithful

David
    $200 2
(David: What is January, er, what is midnight?)

noon

JimDavid
    $200 12
(Roger) Ebert

Jim
    $200 18
papaya

David
    $200 19
(David: What is the U.N. Security Council?)

the EEC (the European Economic Community)

JimDavid
    $200 8
the pink

Jim
    $200 26
American Gothic

David
    $300 3
[Jim said both responses.]

the federal district or the District of Columbia

Jim
    $300 13
Stand By Your Man

Jim
    $300 23
scurvy

Jim
    $300 20
(Ivan) Boesky

Bill
    $300 9
a red letter day

David
    $300 27
Guido Sarducci

David
    $400 4
(Alex: [*] and Providence Plantations is the full name.)

Rhode Island

Jim
    $400 14
Josephine Baker

Triple Stumper
    $400 24
(Alex: We have less than a minute to go.)

Damascus

David
    $400 21
(David: What is Star Wars?)

E.T.

JimDavid
    $500 10
(David: What are "The Green, Green Fields Of Home"?)
[The song was not reprised going into the break.]

the "Green, Green Grass Of Home"

David
    $400 28
Harper's

Triple Stumper
    $500 5
[No acknowledgement for Jim running the category.]

alcohol

Jim
    $500 15
Peggy Lee

Bill
    $500 30
(Jim: What is a Concord grape?)

a Thompson (seedless)

JimBill
    $500 22
(Bill: Who is Solzhenitsyn?)

(Boris) Pasternak

JimBill
    $500 11
(David: What is a blue blook?)

a white paper

JimDavid
    $500 29
(Cyrus) McCormick

Jim

Scores at the first commercial break (after clue 11):

Jim Bill David
$2,200 -$100 -$700

Scores at the end of the Jeopardy! Round:

Jim Bill David
$4,200 $700 $0

Double Jeopardy! Round responses

HISTORIC FIGURES
KANSAS
BIRDS
THE BODY HUMAN
NUMBER, PLEASE
R.L. STEVENSON
    $200 2
Chiang Kai-shek

Bill
    $200 7
"Home On The Range"

Jim
    $200 9
a whooping crane

Bill
    $200 12
the pituitary gland

David
    $200 1
3

Jim
    $200 23
[ERRATUM: The character's name is Dr. Livesey.]

Treasure Island

Bill
    $400 3
(Sir Francis) Drake

Jim
    $400 8
Dodge City

David
    $400 10
(Bill: What is a maw?)

the gizzard

JimBill
    $400 13
the cranium

David
    $400 20
14

Bill
    $400 24
spoken to

David
    $600 4
Bismarck

Jim
    $600 11
KS

David
    $600 18
(Bill: What are ostriches?)

emus

BillDavid
    $600 14
melanin

David
    $600 21
a 0

David
    $600 26
(Bill: What is Morse--who is Morse?)

lighthouses

Bill
Triple Stumper
    $800 5
(Jim: Who is Charles X?)
...
(Alex: Not fast enough, Bill.)

Louis XIV

Jim
Triple Stumper
    $3,000 16
(Jim: What is Lawrence?)

Abilene

Jim
    $800 28
the goose

Jim
    $800 15
the pancreas

Jim
    $800 22
(Alex: We have a minute to go.)

the Russian Five

Bill
    $800 27
Mr. Hyde

Jim
    $1000 6
Pericles

Jim
    $1000 17
the Menningers

Triple Stumper
    $1000 29
martins

Jim
    $1000 19
lymph nodes

Triple Stumper
    $1000 25
(Jim: What is 40?)

7

JimBill
    $1000 30
(Bill: What is Hawaii?)

Samoa

JimBill

Scores at the end of the Double Jeopardy! Round:

Jim Bill David
$6,600 $900 $3,800

[wagering suggestions for these scores]

Final Jeopardy! Round responses

FRANCE
BillWhat is the Louvre?
$0
DavidWhat is Versailes?
$2,801
JimWhat is the Louvre?
$2,400
the Louvre

Final scores:

Jim Bill David
$9,000 $900 $999
2-day champion: $26,500 3rd place: Broyhill desk + Nintendo Entertainment System with Family, Junior & Special editions of Jeopardy! 2nd place: Dresher brass bed & Englander mattress

Game dynamics:

Coryat scores:

Jim Bill David
$9,600 $900 $4,300
26 R
(including 1 DD),
4 W
(including 1 DD)
9 R,
6 W
17 R,
5 W
(including 1 DD)

Combined Coryat: $14,800

[game clues] [game scores] [suggest correction]

Game tape date: 1990-08-07
The J! Archive is created by fans, for fans. Scraping, republication, monetization, and malicious use prohibited; this site may use cookies and collect identifying information. See terms. The Jeopardy! game show and all elements thereof, including but not limited to copyright and trademark thereto, are the property of Jeopardy Productions, Inc. and are protected under law. This website is not affiliated with, sponsored by, or operated by Jeopardy Productions, Inc. Join the discussion at JBoard.tv.